| Tag |
First Indicator |
Second Indicator |
Subfields |
| LEADER |
00000cam a2200000 4500 |
| 001 |
in00000032569 |
| 005 |
20151007061813.0 |
| 008 |
720419s1963 nyu 00010aeng u |
| 010 |
|
|
|a 63017729
|
| 035 |
|
|
|a (OCoLC)00288896
|
| 035 |
|
|
|9 AAD3118AM
|
| 040 |
|
|
|c WSU
|d TXA
|d UtOrBLW
|
| 049 |
|
|
|a TXAM
|c [366912]
|
| 050 |
|
0 |
|a PS3523.I278
|b A6 1963
|
| 092 |
|
|
|a 818
|b L716m
|
| 100 |
1 |
|
|a Liebling, A. J.
|q (Abbott Joseph),
|d 1904-1963.
|
| 245 |
1 |
4 |
|a The most of A. J. Liebling /
|c Selected by William Cole.
|
| 264 |
|
1 |
|a New York :
|b Simon and Schuster,
|c 1963.
|
| 300 |
|
|
|a 322 pages ;
|c 24 cm.
|
| 336 |
|
|
|a text
|b txt
|2 rdacontent
|
| 337 |
|
|
|a unmediated
|b n
|2 rdamedia
|
| 338 |
|
|
|a volume
|b nc
|2 rdacarrier
|
| 999 |
|
|
|a MARS
|
| 999 |
f |
f |
|s 0b46c729-753b-3441-ad5a-8ad35a13cc52
|i f210906d-2bc6-37cc-b352-42ad553fc245
|t 0
|
| 952 |
f |
f |
|p ric
|a Texas A&M University
|b Rellis Campus
|c Joint Library Facility
|d Remote Storage
|t 0
|e PS3523.I278 A6 1963
|h Library of Congress classification
|i unmediated -- volume
|m A14801264646
|
| 998 |
f |
f |
|a PS3523.I278 A6 1963
|t 0
|l Remote Storage
|